[Event "Prostejov op"]
[Site "Prostejov"]
[Date "2023.12.29"]
[Round "3"]
[White "Milfort, Vaclav"]
[Black "Solil, Roman"]
[Result "0-1"]
[WhiteElo "1245"]
[BlackElo "1923"]
[PlyCount "96"]
[EventDate "2023.12.28"]
[EventType "swiss"]
[EventRounds "7"]
[EventCountry "CZE"]
[SourceTitle "CB02_2024"]
[SourceDate "2024.01.10"]
[SourceVersion "1"]
[SourceVersionDate "2024.01.10"]
[SourceQuality "1"]

1. d4 Nf6 2. c4 g6 3. Nc3 Bg7 4. e4 0-0 5. Be2 d6 6. Nf3 Bg4 7. h3 Bxf3 8. Bxf3 c6 9. 0-0 Nbd7 10. Bg5 Qc7 11. Re1 e5 12. Qd2 Rfe8 13. d5 c5 14. Nb5 Qb8 15. b4 a6 16. Na3 cxb4 17. Qxb4 Nc5 18. Qb1 Qc7 19. Bxf6 Bxf6 20. Nc2 Rab8 21. Ne3 Bg5 22. Qc2 b5 23. cxb5 Rb7 24. b6 Rxb6 25. Red1 Rb5 26. Rdb1 Bxe3 27. fxe3 Reb8 28. Rxb5 Rxb5 29. Rb1 Qb6 30. Rxb5 Qxb5 31. Be2 Qb4 32. Bf3 a5 33. h4 Qe1+ 34. Kh2 Qxh4+ 35. Kg1 Qe1+ 36. Kh2 Qxe3 37. Qb1 Qh6+ 38. Kg1 Qf8 39. Qb5 a4 40. g4 Qd8 41. Kg2 a3 42. Kg3 h6 43. Kh3 Qa8 44. Qc6 Qb8 45. Kg3 Kg7 46. Kh4 g5+ 47. Kg3 Qb4 48. Qxd6 Nxe4+ 0-1

[Event "Prostejov op"]
[Site "Prostejov"]
[Date "2023.12.29"]
[Round "4"]
[White "Solil, Roman"]
[Black "Sysr, Pavel"]
[Result "1-0"]
[WhiteElo "1923"]
[BlackElo "1610"]
[PlyCount "52"]
[EventDate "2023.12.28"]
[EventType "swiss"]
[EventRounds "7"]
[EventCountry "CZE"]
[SourceTitle "CB02_2024"]
[SourceDate "2024.01.10"]
[SourceVersion "1"]
[SourceVersionDate "2024.01.10"]
[SourceQuality "1"]

1. d4 Nf6 2. Nf3 g6 3. e3 Bg7 4. Be2 d6 5. 0-0 Bg4 6. Nbd2 0-0 7. c4 c6 8. h3 Bxf3 9. Nxf3 Nbd7 10. Qc2 Qc7 11. b3 Rfe8 12. Bb2 e5 13. dxe5 dxe5 14. b4 a5 15. a3 axb4 16. axb4 Rxa1 17. Rxa1 c5 18. b5 h6 19. Ra7 Kh7 20. e4 Qb8 21. Ra1 Nf8 22. Nd2 Ne6 23. f3 Nd4 24. Qd1 Nh5 25. Nb3 Nf4 26. Nxd4 exd4 1-0

[Event "Pardubice Region-chT 2223"]
[Site "Czech Republic"]
[Date "2023.04.02"]
[Round "11.1"]
[White "Juros, Zbynek"]
[Black "Solil, Roman"]
[Result "0-1"]
[WhiteElo "1564"]
[BlackElo "1953"]
[PlyCount "62"]
[EventDate "2022.10.09"]
[EventType "team-tourn"]
[EventRounds "11"]
[EventCountry "CZE"]
[SourceTitle "EXT 2024"]
[Source "ChessBase"]
[SourceDate "2023.10.10"]
[SourceVersion "1"]
[SourceVersionDate "2023.10.10"]
[SourceQuality "1"]

1. e4 d6 2. d4 Nf6 3. Bd3 g6 4. Ne2 Bg7 5. f4 0-0 6. f5 c5 7. dxc5 Qa5+ 8. Bd2 Qxc5 9. Qc1 Ng4 10. Rf1 Nxh2 11. Rf4 h5 12. Nbc3 Be5 13. Be3 Bxf4 14. Nxf4 Qe5 15. Nb5 Nc6 16. Bd2 d5 17. Nxh5 gxh5 18. Bf4 Qg7 19. Bxh2 dxe4 20. Bxe4 Bd7 21. Nc7 Rac8 22. Qd2 Rfd8 23. Nd5 Bxf5 24. Bxf5 e6 25. 0-0-0 Rxd5 26. Qxd5 exd5 27. Bxc8 Qg5+ 28. Kb1 b6 29. Bb7 Ne7 30. Bd6 Qg4 31. Rd3 Nf5 0-1

[Event "Pardubice Region-chT 2223"]
[Site "Czech Republic"]
[Date "2023.02.26"]
[Round "9.1"]
[White "Daniel, Martin"]
[Black "Solil, Roman"]
[Result "0-1"]
[WhiteElo "1992"]
[BlackElo "1953"]
[PlyCount "31"]
[EventDate "2022.10.09"]
[EventType "team-tourn"]
[EventRounds "11"]
[EventCountry "CZE"]
[SourceTitle "EXT 2024"]
[Source "ChessBase"]
[SourceDate "2023.10.10"]
[SourceVersion "1"]
[SourceVersionDate "2023.10.10"]
[SourceQuality "1"]

1. e4 Nc6 2. c4 g6 3. f3 Bg7 4. Nc3 d6 5. Bd3 Bh6 6. e5 d5 7. cxd5 a6 8. Bb1 Bd7 9. g4 Rc8 10. Nge2 g5 11. h4 Bxg4 12. Rf1 Kf8 13. Bg6 gxh4 14. Be4 Bf5 15. a3 h3 16. b4 0-1

[Event "Pardubice Region-chT 2223"]
[Site "Czech Republic"]
[Date "2022.12.11"]
[Round "5.1"]
[White "Smutny, Jan"]
[Black "Solil, Roman"]
[Result "1-0"]
[WhiteElo "2186"]
[BlackElo "1953"]
[PlyCount "35"]
[EventDate "2022.10.09"]
[EventType "team-tourn"]
[EventRounds "11"]
[EventCountry "CZE"]
[SourceTitle "EXT 2024"]
[Source "ChessBase"]
[SourceDate "2023.10.10"]
[SourceVersion "1"]
[SourceVersionDate "2023.10.10"]
[SourceQuality "1"]

1. e4 d6 2. d4 Nf6 3. Nc3 g6 4. Bg5 Bg7 5. Qd2 0-0 6. 0-0-0 c6 7. h4 Qc7 8. Bh6 Bxh6 9. Qxh6 e5 10. h5 b5 11. dxe5 dxe5 12. f3 Be6 13. Nh3 Bxh3 14. Rxh3 Nbd7 15. g4 Nc5 16. g5 Ne8 17. Bxb5 Rc8 18. hxg6 1-0

[Event "Pardubice Region-chT 2223"]
[Site "Czech Republic"]
[Date "2022.11.13"]
[Round "3.1"]
[White "Horky, Pavel"]
[Black "Solil, Roman"]
[Result "1-0"]
[WhiteElo "1968"]
[BlackElo "1953"]
[PlyCount "37"]
[EventDate "2022.10.09"]
[EventType "team-tourn"]
[EventRounds "11"]
[EventCountry "CZE"]
[SourceTitle "EXT 2024"]
[Source "ChessBase"]
[SourceDate "2023.10.10"]
[SourceVersion "1"]
[SourceVersionDate "2023.10.10"]
[SourceQuality "1"]

1. e4 d6 2. d4 Nf6 3. Nc3 g6 4. Be3 Bg7 5. Qd2 0-0 6. f3 c6 7. 0-0-0 Nbd7 8. Bh6 Bxh6 9. Qxh6 e5 10. h4 Qe7 11. g4 exd4 12. Rxd4 Ne5 13. Be2 Be6 14. h5 Rad8 15. Nh3 d5 16. Qf4 c5 17. Rd2 d4 18. Qxe5 Nd7 19. Nd5 1-0

[Event "CZE-chT2D 1920"]
[Site "Czech Republic"]
[Date "2020.02.23"]
[Round "9.7"]
[White "Solil, Roman"]
[Black "Velecky, Viktor"]
[Result "1-0"]
[WhiteElo "2030"]
[BlackElo "2039"]
[PlyCount "83"]
[EventDate "2019.10.13"]
[EventType "team-tourn"]
[EventRounds "11"]
[EventCountry "CZE"]
[SourceTitle "EXT 2024"]
[Source "ChessBase"]
[SourceDate "2023.10.10"]
[SourceVersion "1"]
[SourceVersionDate "2023.10.10"]
[SourceQuality "1"]
[WhiteTeam "Lanskroun"]
[BlackTeam "Nachod Snezka"]
[WhiteTeamCountry "CZE"]
[BlackTeamCountry "CZE"]

1. e4 c6 2. d4 d5 3. exd5 cxd5 4. Nf3 Nf6 5. Bb5+ Nc6 6. 0-0 Qb6 7. Be2 Bg4 8. c3 e6 9. Nbd2 Be7 10. Ne5 Nxe5 11. dxe5 Bxe2 12. Qxe2 Nd7 13. Kh1 0-0 14. Nb3 Rac8 15. Be3 Qc7 16. f4 a6 17. Rac1 b5 18. h3 Qc4 19. Qd1 Qa4 20. Bd4 g6 21. Ra1 b4 22. Qe1 bxc3 23. Bxc3 Rc4 24. Qf2 Rfc8 25. Nd4 R4c7 26. f5 exf5 27. Nxf5 gxf5 28. Qxf5 Rf8 29. e6 f6 30. exd7 Qxd7 31. Qh5 d4 32. Rad1 Bc5 33. Rf4 Qb5 34. Bxd4 Rd7 35. Qg4+ Kh8 36. Bxf6+ Rxf6 37. Rxf6 Rxd1+ 38. Qxd1 Qxb2 39. Rxa6 Qb5 40. Ra8+ Kg7 41. Qg4+ Kf6 42. Qf4+ 1-0

[Event "CZE-chT2D 1920"]
[Site "Czech Republic"]
[Date "2020.01.26"]
[Round "7.6"]
[White "Jezbera, Jiri"]
[Black "Solil, Roman"]
[Result "1-0"]
[WhiteElo "2165"]
[BlackElo "2030"]
[PlyCount "49"]
[EventDate "2019.10.13"]
[EventType "team-tourn"]
[EventRounds "11"]
[EventCountry "CZE"]
[SourceTitle "EXT 2024"]
[Source "ChessBase"]
[SourceDate "2023.10.10"]
[SourceVersion "1"]
[SourceVersionDate "2023.10.10"]
[SourceQuality "1"]
[WhiteTeam "Hradec Kralove Slavia"]
[BlackTeam "Lanskroun"]
[WhiteTeamCountry "CZE"]
[BlackTeamCountry "CZE"]

1. e4 d6 2. d4 Nf6 3. f3 g6 4. c4 Bg7 5. Nc3 0-0 6. Be3 c6 7. Qd2 e5 8. d5 c5 9. 0-0-0 a6 10. g4 b5 11. Nge2 b4 12. Nb1 Bxg4 13. fxg4 Nxe4 14. Qc2 f5 15. gxf5 gxf5 16. Bg2 Qh4 17. Bxe4 fxe4 18. Nd2 Nd7 19. Qxe4 Qh3 20. Rdg1 Rf7 21. Rg3 Qh5 22. Rhg1 Nf6 23. Qg2 Raa7 24. Rg5 Qh4 25. Ng3 1-0

[Event "CZE-chT2D 1617"]
[Site "Czech Republic"]
[Date "2017.04.02"]
[Round "11.5"]
[White "Hrabal, Michal"]
[Black "Solil, Roman"]
[Result "1-0"]
[WhiteElo "2091"]
[BlackElo "2042"]
[PlyCount "51"]
[EventDate "2016.10.09"]
[EventType "team-tourn"]
[EventRounds "11"]
[EventCountry "CZE"]
[SourceTitle "EXT 2022"]
[Source "ChessBase"]
[SourceDate "2021.10.06"]
[SourceVersion "1"]
[SourceVersionDate "2021.10.06"]
[SourceQuality "1"]
[WhiteTeam "Jihlava Gambit"]
[BlackTeam "Lanskroun"]
[WhiteTeamCountry "CZE"]
[BlackTeamCountry "CZE"]

1. e4 d6 2. d4 Nf6 3. Nc3 g6 4. Be3 Bg7 5. Qd2 0-0 6. f3 c6 7. 0-0-0 b5 8. Bh6 Bxh6 9. Qxh6 b4 10. Nce2 Qa5 11. Kb1 Be6 12. Nc1 Nbd7 13. h4 Qc7 14. Nge2 Bc4 15. h5 e5 16. g4 Bxe2 17. Nxe2 d5 18. g5 Nxh5 19. Ng3 f5 20. Nxh5 gxh5 21. Rxh5 Nb6 22. exf5 Qg7 23. Qxg7+ Kxg7 24. Bd3 e4 25. fxe4 dxe4 26. Bxe4 1-0

[Event "CZE-chT2D 1617"]
[Site "Czech Republic"]
[Date "2016.10.30"]
[Round "2.5"]
[White "Vlckova, Katerina"]
[Black "Solil, Roman"]
[Result "1-0"]
[WhiteElo "1926"]
[BlackElo "2042"]
[PlyCount "63"]
[EventDate "2016.10.09"]
[EventType "team-tourn"]
[EventRounds "11"]
[EventCountry "CZE"]
[SourceTitle "EXT 2022"]
[Source "ChessBase"]
[SourceDate "2021.10.06"]
[SourceVersion "1"]
[SourceVersionDate "2021.10.06"]
[SourceQuality "1"]
[WhiteTeam "Polabiny II"]
[BlackTeam "Lanskroun"]
[WhiteTeamCountry "CZE"]
[BlackTeamCountry "CZE"]

1. d4 Nf6 2. c4 g6 3. Nf3 Bg7 4. g3 0-0 5. Bg2 d6 6. 0-0 c6 7. Nc3 Bg4 8. Qc2 Nbd7 9. Rd1 Qc7 10. b3 Rfe8 11. Bb2 e5 12. Ne1 exd4 13. Rxd4 Nc5 14. Qd2 Bf5 15. Rd1 Nh5 16. g4 Bxd4 17. Nd5 Bxf2+ 18. Kxf2 cxd5 19. Qc3 f6 20. gxh5 Qe7 21. Bxd5+ Kg7 22. Qf3 Be4 23. Bxf6+ Qxf6 24. h6+ Kxh6 25. Qxf6 Rf8 26. Bf7 Bc2 27. Rd4 Ne4+ 28. Rxe4 Bxe4 29. Ng2 Rae8 30. Ne3 Kh5 31. Kg3 Re5 32. Qh4# 1-0